000 00248nam a22001217a 4500
008 190225b xxu||||| |||| 00| 0 eng d
041 _aeng
080 _a821
100 _a22
101 _aGJL
245 _aEinstein
_cClark, R.W
942 _2udc
_cBK
999 _c54233
_d54233